[Event "Madrid ch 2009 - Semifinal B"]
[Site "Madrid ESP"]
[Date "2009.01.16"]
[Round "2.11"]
[White "Martin Mazuelo, Miguel Angel"]
[Black "Nieto De La Cruz, Julio"]
[Result "0-1"]
[WhiteElo "1983"]
[BlackElo "2059"]
[PlyCount "120"]
[EventDate "2009.01.15"]
[EventType "swiss"]
[EventRounds "9"]
[EventCountry "ESP"]
[Source "lmi"]
[SourceDate "2009.01.15"]

1. e4 c5 2. c3 d5 3. exd5 Qxd5 4. Na3 Nc6 5. Nf3 Bg4 6. Be2 Nf6 7. O-O e6 8. d4
Rc8 9. Nc2 Qd7 10. Be3 cxd4 11. Ncxd4 Bc5 12. Nxc6 Qxc6 13. Bxc5 Qxc5 14. Qa4+
Ke7 15. c4 a5 16. a3 Ne4 17. Qc2 Nd6 18. b3 b5 19. Qd2 bxc4 20. bxc4 Nxc4 21.
Bxc4 Bxf3 22. Rfc1 Rhd8 23. Bd3 Qd4 24. gxf3 Qxd3 25. Qg5+ Kf8 26. Qxa5 Qxf3
27. Rxc8 Rxc8 28. Qg5 h6 29. Qg3 Qd5 30. a4 e5 31. a5 Rc6 32. Qa3+ Kg8 33. Rc1
Rg6+ 34. Kf1 Qb5+ 35. Ke1 Rg1+ 36. Kd2 Qd5+ 37. Kc2 Qc4+ 38. Kb1 Rxc1+ 39. Qxc1
Qb4+ 40. Qb2 Qxa5 41. Qb8+ Kh7 42. Qb2 Qd5 43. Qc2+ e4 44. Kb2 Qd3 45. Qxd3
exd3 46. Kc3 Kg6 47. Kxd3 Kg5 48. Ke2 Kg4 49. Kf1 Kf3 50. Kg1 h5 51. Kf1 h4 52.
Kg1 g5 53. Kf1 g4 54. Kg1 f5 55. Kf1 f4 56. Kg1 Ke2 57. Kg2 f3+ 58. Kg1 g3 59.
h3 gxf2+ 60. Kh2 Ke1 0-1

[Event "Madrid ch 2009 - Semifinal B"]
[Site "Madrid ESP"]
[Date "2009.01.16"]
[Round "2.12"]
[White "Garcia Serrano, Jose Manuel"]
[Black "Montañes Arribas, Adrian"]
[Result "0-1"]
[WhiteElo "1887"]
[BlackElo "2046"]
[PlyCount "94"]
[EventDate "2009.01.15"]
[EventType "swiss"]
[EventRounds "9"]
[EventCountry "ESP"]
[Source "lmi"]
[SourceDate "2009.01.15"]

1. e4 c5 2. d4 cxd4 3. c3 dxc3 4. Nxc3 Nc6 5. Nf3 d6 6. Bc4 e6 7. O-O Nf6 8.
Qe2 Be7 9. Rd1 e5 10. h3 O-O 11. Be3 Be6 12. Bb5 Qa5 13. Ng5 Bd7 14. Nd5 Nxd5
15. exd5 Nd4 16. Qh5 Bf5 17. Bd3 Bxd3 18. Rxd3 Bxg5 19. Bxg5 Qxd5 20. Rad1 Qe6
21. Be3 Nf5 22. Bc1 Rad8 23. b3 d5 24. g4 Nd4 25. Bb2 Ne2+ 26. Kf1 Nf4 27. Qxe5
Qxe5 28. Bxe5 Nxd3 29. Rxd3 Rfe8 30. Bc3 f6 31. b4 Re4 32. f3 Rc4 33. Ke2 d4
34. Bd2 Rc2 35. a4 Ra2 36. a5 Kf7 37. Kd1 Ke6 38. Be3 Ke5 39. Bd2 Kd5 40. f4
Rc8 41. Ke2 Rcc2 42. h4 Ke4 43. f5 Rcb2 44. g5 h6 45. g6 Rxb4 46. Rg3 Rbb2 47.
Rg4+ Kd5 0-1

[Event "Madrid ch 2009 - Semifinal B"]
[Site "Madrid ESP"]
[Date "2009.01.16"]
[Round "2.13"]
[White "Esquivias Gomez, Francisco Javier"]
[Black "Lozano Sanchez, Jose Antonio"]
[Result "1/2-1/2"]
[WhiteElo "2044"]
[BlackElo "1958"]
[PlyCount "129"]
[EventDate "2009.01.15"]
[EventType "swiss"]
[EventRounds "9"]
[EventCountry "ESP"]
[Source "lmi"]
[SourceDate "2009.01.15"]

1. Nf3 d5 2. g3 Bf5 3. Bg2 Nf6 4. O-O c6 5. d3 Nbd7 6. Nh4 Bg6 7. Nd2 e5 8. e4
Be7 9. Qe2 Bh5 10. Bf3 Bxf3 11. Nhxf3 d4 12. Nc4 Qc7 13. a4 O-O 14. b3 Ne8 15.
Kg2 f6 16. Nh4 Nb6 17. Nd2 Bb4 18. a5 Nc8 19. Nc4 Ned6 20. Bd2 Bxd2 21. Nxd2
Nb5 22. f4 Ne7 23. f5 c5 24. Qh5 Qd8 25. Qf3 Nc6 26. Nc4 Nd6 27. Nxd6 Qxd6 28.
g4 Qc7 29. Qh3 Nxa5 30. Ng6 Rf7 31. Qh5 Nc6 32. h4 Ne7 33. Nxe7+ Qxe7 34. g5
fxg5 35. hxg5 g6 36. fxg6 hxg6 37. Qh4 a6 38. Rxf7 Qxf7 39. Rf1 Qg7 40. Qg4 Qe7
41. Rf6 Kg7 42. Re6 Qc7 43. Qh4 Rh8 44. Qg3 Rf8 45. Qh2 Rh8 46. Qxe5+ Qxe5 47.
Rxe5 b6 48. Re7+ Kf8 49. Rb7 Rh5 50. Rxb6 Rxg5+ 51. Kf3 Rg1 52. Rc6 Rg5 53. Kf4
Rh5 54. e5 Kf7 55. Rf6+ Kg7 56. Rxa6 Rh2 57. Ra7+ Kf8 58. Ke4 Rxc2 59. Kd5 Rc3
60. Kd6 Rxb3 61. Ra8+ Kg7 62. e6 Rb6+ 63. Kxc5 Rxe6 64. Kxd4 g5 65. Kd5 1/2-1/2

[Event "Madrid ch 2009 - Semifinal B"]
[Site "Madrid ESP"]
[Date "2009.01.17"]
[Round "3.2"]
[White "Castejon Caballero, Andres"]
[Black "Vazquez Torres, Adrian"]
[Result "1/2-1/2"]
[WhiteElo "2089"]
[BlackElo "2065"]
[PlyCount "51"]
[EventDate "2009.01.15"]
[EventType "swiss"]
[EventRounds "9"]
[EventCountry "ESP"]
[Source "lmi"]
[SourceDate "2009.01.15"]

1. e4 c5 2. Nf3 d6 3. d4 cxd4 4. Nxd4 Nf6 5. Nc3 a6 6. Be3 e5 7. Nde2 Be6 8. f4
Nbd7 9. Qd2 Nb6 10. b3 Qc7 11. h3 Be7 12. g4 h6 13. Bg2 Rc8 14. O-O O-O 15. f5
Bd7 16. a4 d5 17. Bxh6 gxh6 18. Qxh6 Qc5+ 19. Kh1 Nh7 20. f6 Bxf6 21. Rxf6 Nxf6
22. Qg5+ Kh7 23. a5 d4 24. Rf1 Rc6 25. Qh4+ Kg7 26. Qg5+ 1/2-1/2

[Event "Madrid ch 2009 - Semifinal B"]
[Site "Madrid ESP"]
[Date "2009.01.17"]
[Round "3.3"]
[White "Ramírez García, Jorge Alberto"]
[Black "Adan Bermudez, Sergio"]
[Result "0-1"]
[WhiteElo "2234"]
[BlackElo "2295"]
[PlyCount "144"]
[EventDate "2009.01.15"]
[EventType "swiss"]
[EventRounds "9"]
[EventCountry "ESP"]
[Source "lmi"]
[SourceDate "2009.01.15"]

1. e4 c5 2. Nf3 d6 3. d4 cxd4 4. Nxd4 Nf6 5. Nc3 e6 6. Bg5 Nc6 7. Qd2 a6 8.
O-O-O Be7 9. f4 Qc7 10. Nb3 b5 11. Bxb5 axb5 12. Nxb5 Qb8 13. Nxd6+ Bxd6 14.
Qxd6 Qxd6 15. Rxd6 Na5 16. Nxa5 Rxa5 17. Rhd1 O-O 18. e5 Nd5 19. c4 Rc5 20. b3
h6 21. Bh4 Nxf4 22. Be7 Ng6 23. Bxf8 Kxf8 24. Kb2 Nxe5 25. Kc3 Ke7 26. Kb4 Rc7
27. Kb5 Bd7+ 28. Kb6 Rc8 29. Kb7 Rd8 30. Kb6 Ra8 31. R6d2 f5 32. Re1 Rb8+ 33.
Kc5 Rc8+ 34. Kd4 Nc6+ 35. Kc3 e5 36. a4 Rb8 37. a5 Be6 38. Ra1 e4 39. a6 e3 40.
Rb2 Na7 41. g3 g5 42. Kd4 f4 43. gxf4 gxf4 44. Rg1 Kf6 45. Ke4 Bxc4 46. Kxf4 e2
47. Rc2 Bxa6 48. Rc7 Rb7 49. Rxb7 Bxb7 50. Ke3 Ba6 51. Ra1 Nc6 52. Kf2 Bb5 53.
Rc1 Nd4 54. Rc3 Ke5 55. Ke1 Ke4 56. Kf2 Bd3 57. Rc8 Nc2 58. Re8+ Kf4 59. Rxe2
Bxe2 60. Kxe2 Nd4+ 61. Kf2 Nxb3 62. Kg2 Kg4 63. Kg1 Kf3 64. Kf1 h5 65. Kg1 h4
66. Kf1 Nc5 67. Kg1 Ne4 68. Kf1 Nf6 69. Kg1 Ng4 70. Kh1 Kf2 71. h3 Ne5 72. Kh2
Nd3 0-1

[Event "Madrid ch 2009 - Semifinal B"]
[Site "Madrid ESP"]
[Date "2009.01.17"]
[Round "3.4"]
[White "Martin Martin, Luis Vicente"]
[Black "Martinez De Miguel, Pedro"]
[Result "0-1"]
[WhiteElo "2085"]
[BlackElo "2156"]
[PlyCount "64"]
[EventDate "2009.01.15"]
[EventType "swiss"]
[EventRounds "9"]
[EventCountry "ESP"]
[Source "lmi"]
[SourceDate "2009.01.15"]

1. d4 Nf6 2. Nf3 d6 3. Bf4 g6 4. e3 Bg7 5. h3 O-O 6. Be2 c5 7. O-O Qb6 8. Qc1
Nc6 9. c3 Bd7 10. Nbd2 a6 11. Nc4 Qa7 12. a4 b6 13. Bh2 Qb7 14. dxc5 bxc5 15.
Nfd2 d5 16. Ne5 Nxe5 17. Bxe5 Bc6 18. Bf3 Ne4 19. Bxg7 Kxg7 20. Qc2 Rab8 21.
Rfb1 Ng5 22. b4 c4 23. Qd1 e5 24. h4 Ne6 25. g3 Qd7 26. Nf1 Rfd8 27. Nh2 d4 28.
Bxc6 Qxc6 29. exd4 exd4 30. cxd4 Nxd4 31. Qe1 c3 32. Rc1 Re8 0-1

[Event "Madrid ch 2009 - Semifinal B"]
[Site "Madrid ESP"]
[Date "2009.01.17"]
[Round "3.5"]
[White "Suarez Uriel, Adrian"]
[Black "Lopez de Turiso, Jose Angel"]
[Result "0-1"]
[WhiteElo "2160"]
[BlackElo "2079"]
[PlyCount "68"]
[EventDate "2009.01.15"]
[EventType "swiss"]
[EventRounds "9"]
[EventCountry "ESP"]
[Source "lmi"]
[SourceDate "2009.01.15"]

1. e4 c6 2. d4 d5 3. Nc3 dxe4 4. Nxe4 Nd7 5. Ng5 Ngf6 6. Bc4 e6 7. Qe2 Nd5 8.
Bd2 Bd6 9. N1h3 N7f6 10. Bb3 h6 11. Nf3 Qc7 12. g3 c5 13. c4 Ne7 14. Nf4 O-O
15. O-O Bd7 16. dxc5 Qxc5 17. Be3 Qc7 18. Nd3 Nc6 19. Nd4 a6 20. c5 Be7 21.
Nxc6 Bxc6 22. Bf4 Qa5 23. Rac1 Rac8 24. Bxe6 fxe6 25. Qxe6+ Kh7 26. Qxe7 Rfe8
27. Qd6 Rcd8 28. b4 Rxd6 29. bxa5 Rxd3 30. Bc7 Re2 31. Rfe1 Rdd2 32. Rxe2 Rxe2
33. a3 Ne4 34. Rf1 Ng5 0-1

[Event "Madrid ch 2009 - Semifinal B"]
[Site "Madrid ESP"]
[Date "2009.01.17"]
[Round "3.6"]
[White "Sanchez Garcia, Aurelio"]
[Black "Garcia Salamero, Gabriel"]
[Result "1/2-1/2"]
[WhiteElo "2126"]
[BlackElo "2027"]
[PlyCount "86"]
[EventDate "2009.01.15"]
[EventType "swiss"]
[EventRounds "9"]
[EventCountry "ESP"]
[Source "lmi"]
[SourceDate "2009.01.15"]

1. e4 c5 2. Nc3 e6 3. g3 a6 4. Bg2 Nc6 5. d3 b5 6. Be3 Bb7 7. f4 Nf6 8. e5 b4
9. Ne4 Nxe4 10. Bxe4 d5 11. exd6 Bxd6 12. Nh3 Qc7 13. O-O Ne7 14. Qf3 Rb8 15.
Bxb7 Qxb7 16. Ng5 Nf5 17. Qxb7 Rxb7 18. Ne4 Rc7 19. Bf2 Ke7 20. Nd2 h5 21. Nc4
Kd7 22. a3 a5 23. Nxa5 bxa3 24. bxa3 Be7 25. Nc4 Bf6 26. Ra2 Rb8 27. Re1 Nd4
28. Bxd4 Bxd4+ 29. Kg2 Rcb7 30. Kf3 f6 31. a4 Ra8 32. Ra3 f5 33. c3 Bf6 34. Ke3
Ra6 35. Kd2 g5 36. Kc2 gxf4 37. gxf4 Kc8 38. Rg1 Rg7 39. Rxg7 Bxg7 40. Kd2 Kc7
41. a5 Bf6 42. Rb3 Bd8 43. Ke3 Kc6 1/2-1/2

[Event "Madrid ch 2009 - Semifinal B"]
[Site "Madrid ESP"]
[Date "2009.01.17"]
[Round "3.7"]
[White "Montañes Arribas, Adrian"]
[Black "Martin Prieto, Oscar"]
[Result "1-0"]
[WhiteElo "2046"]
[BlackElo "2118"]
[PlyCount "59"]
[EventDate "2009.01.15"]
[EventType "swiss"]
[EventRounds "9"]
[EventCountry "ESP"]
[Source "lmi"]
[SourceDate "2009.01.15"]

1. e4 c5 2. Nf3 Nf6 3. e5 Nd5 4. Nc3 e6 5. Nxd5 exd5 6. d4 Nc6 7. dxc5 Bxc5 8.
Qxd5 d6 9. exd6 Qb6 10. Qe4+ Be6 11. Qh4 Bxd6 12. Be2 h6 13. O-O Be7 14. Qe4 g5
15. b3 O-O-O 16. Be3 Qc7 17. Bc4 Bxc4 18. Qxc4 Qd7 19. Ne5 Qf5 20. Nxf7 h5 21.
Nxh8 Rxh8 22. Bxa7 g4 23. Be3 Bd6 24. Qd3 Qf6 25. Rad1 Rd8 26. Qb5 Ne5 27. Bc5
Nf3+ 28. gxf3 Bxh2+ 29. Kxh2 Qf4+ 30. Kg1 1-0

[Event "Madrid ch 2009 - Semifinal B"]
[Site "Madrid ESP"]
[Date "2009.01.17"]
[Round "3.8"]
[White "Cabañas Bravo, Juan Andres"]
[Black "Sotnikov, Taras"]
[Result "1/2-1/2"]
[WhiteElo "2073"]
[BlackElo "1925"]
[PlyCount "80"]
[EventDate "2009.01.15"]
[EventType "swiss"]
[EventRounds "9"]
[EventCountry "ESP"]
[Source "lmi"]
[SourceDate "2009.01.15"]

1. e4 c5 2. Nf3 Nc6 3. d4 cxd4 4. Nxd4 e5 5. Nb5 a6 6. Nd6+ Bxd6 7. Qxd6 Qf6 8.
Qa3 Nge7 9. Nc3 Rb8 10. Be3 b5 11. Nd5 Nxd5 12. exd5 Ne7 13. O-O-O O-O 14. g4
Nxd5 15. Ba7 b4 16. Qb3 Ra8 17. Bc5 d6 18. Qxd5 Bxg4 19. Bxd6 Bf3 20. Qc5 Rfc8
21. Qxe5 Qxe5 22. Bxe5 Bxh1 23. Bh3 Re8 24. f4 Bf3 25. Rd3 Be2 26. Rg3 g6 27.
Kd2 Bb5 28. b3 Rad8+ 29. Kc1 a5 30. c4 bxc3 31. Rxc3 Bd7 32. Bc7 Bxh3 33. Bxd8
Rxd8 34. Rxh3 Rd6 35. Rf3 f5 36. Kc2 Kf7 37. Kc3 Rd5 38. a3 Kf6 39. b4 axb4+
40. axb4 h6 1/2-1/2

[Event "Madrid ch 2009 - Semifinal B"]
[Site "Madrid ESP"]
[Date "2009.01.17"]
[Round "3.9"]
[White "Nieto De La Cruz, Julio"]
[Black "Martin Duque, Jesus"]
[Result "1-0"]
[WhiteElo "2059"]
[BlackElo "1757"]
[PlyCount "59"]
[EventDate "2009.01.15"]
[EventType "swiss"]
[EventRounds "9"]
[EventCountry "ESP"]
[Source "lmi"]
[SourceDate "2009.01.15"]

1. d4 d5 2. c4 e6 3. Nc3 Nf6 4. Bg5 c6 5. e3 Nbd7 6. Nf3 Be7 7. Bd3 O-O 8. O-O
dxc4 9. Bxc4 Nd5 10. Bxe7 Qxe7 11. e4 Nxc3 12. bxc3 Nf6 13. Qd3 b6 14. Nd2 Bb7
15. e5 Ne8 16. f4 c5 17. f5 exf5 18. Rxf5 g6 19. Rxf7 Rxf7 20. Rf1 Qg5 21. Ne4
Bxe4 22. Qxe4 Qd8 23. Rxf7 Kh8 24. Rf8+ Kg7 25. Rg8+ Kh6 26. Qf4+ Qg5 27. Qxg5+
Kxg5 28. Bf7 Nc7 29. Rxa8 Nxa8 30. d5 1-0

[Event "Madrid ch 2009 - Semifinal B"]
[Site "Madrid ESP"]
[Date "2009.01.17"]
[Round "3.10"]
[White "Vazquez Gonzalez, Jesus"]
[Black "Ferreiro Calvo, Manuel"]
[Result "1-0"]
[WhiteElo "2044"]
[BlackElo "2041"]
[PlyCount "43"]
[EventDate "2009.01.15"]
[EventType "swiss"]
[EventRounds "9"]
[EventCountry "ESP"]
[Source "lmi"]
[SourceDate "2009.01.15"]

1. e4 c5 2. Nf3 e6 3. d4 cxd4 4. Nxd4 Nc6 5. Nc3 Qc7 6. a3 a6 7. Be3 Nf6 8. Be2
Be7 9. O-O O-O 10. f4 d6 11. Kh1 Re8 12. Qe1 Na5 13. Rd1 b5 14. Qg3 Bb7 15. Bd3
Nc4 16. Bc1 d5 17. e5 Ne4 18. Qh3 g6 19. Nce2 Nc5 20. f5 Nxe5 21. fxg6 Nxg6 22.
Rxf7 1-0

[Event "Madrid ch 2009 - Semifinal B"]
[Site "Madrid ESP"]
[Date "2009.01.17"]
[Round "3.11"]
[White "Lozano Sanchez, Jose Antonio"]
[Black "Collado Barbas, Laura"]
[Result "0-1"]
[WhiteElo "1958"]
[BlackElo "2046"]
[PlyCount "106"]
[EventDate "2009.01.15"]
[EventType "swiss"]
[EventRounds "9"]
[EventCountry "ESP"]
[Source "lmi"]
[SourceDate "2009.01.15"]

1. h3 d5 2. d4 c6 3. Nf3 e6 4. Bf4 Bd6 5. Bxd6 Qxd6 6. e3 Qb4+ 7. Nbd2 Qxb2 8.
c4 Qb6 9. Ne5 Nf6 10. Bd3 Nbd7 11. c5 Qd8 12. Ndf3 Qa5+ 13. Qd2 Qxd2+ 14. Kxd2
Nxe5 15. Nxe5 Nd7 16. f4 f6 17. Nxd7 Kxd7 18. g4 b6 19. Rhc1 g6 20. a4 bxc5 21.
Rxc5 Kd6 22. Rb1 Bd7 23. Ra5 Kc7 24. Ba6 Rhb8 25. Bd3 Rxb1 26. Bxb1 e5 27. Kc3
exf4 28. exf4 Kb6 29. Rc5 Re8 30. Kd2 f5 31. g5 h6 32. a5+ Kc7 33. gxh6 Rh8 34.
Rc3 Rxh6 35. Re3 Rh4 36. Rf3 Kd6 37. Ke3 c5 38. dxc5+ Kxc5 39. Bd3 d4+ 40. Kd2
Bc6 41. Rg3 Be4 42. Bf1 Rxf4 43. Be2 Rf2 44. Ke1 Rg2 45. Rb3 f4 46. Rb5+ Kc6
47. Re5 d3 48. Bf1 d2+ 49. Kd1 Bf3+ 50. Be2 Rxe2 51. Rxe2 Bxe2+ 52. Kxe2 g5 53.
Kxd2 Kb5 0-1

[Event "Madrid ch 2009 - Semifinal B"]
[Site "Madrid ESP"]
[Date "2009.01.17"]
[Round "3.12"]
[White "Rojas Pozo, Jose Luis"]
[Black "Esquivias Gomez, Francisco Javier"]
[Result "1-0"]
[WhiteElo "1914"]
[BlackElo "2044"]
[PlyCount "53"]
[EventDate "2009.01.15"]
[EventType "swiss"]
[EventRounds "9"]
[EventCountry "ESP"]
[Source "lmi"]
[SourceDate "2009.01.15"]

1. e4 c5 2. Nf3 e6 3. d4 cxd4 4. Nxd4 a6 5. Nc3 Qc7 6. Be2 Nc6 7. Nb3 Bb4 8. f4
Nf6 9. Bf3 O-O 10. Be3 d5 11. e5 Nd7 12. Qd3 Nb6 13. Bxb6 Qxb6 14. O-O-O Bxc3
15. Qxc3 Bd7 16. Qc5 Qb4 17. Qxb4 Nxb4 18. a3 Nc6 19. Nc5 Bc8 20. c4 dxc4 21.
Bxc6 bxc6 22. Rd6 Rb8 23. Rhd1 Bb7 24. Nd7 Rbd8 25. Nxf8 Rxf8 26. Rd7 Bc8 27.
Rd8 1-0

[Event "Madrid ch 2009 - Semifinal B"]
[Site "Madrid ESP"]
[Date "2009.01.17"]
[Round "3.13"]
[White "Alonso Aranzabal, Iñigo"]
[Black "Martin Mazuelo, Miguel Angel"]
[Result "1-0"]
[WhiteElo "2082"]
[BlackElo "1983"]
[PlyCount "79"]
[EventDate "2009.01.15"]
[EventType "swiss"]
[EventRounds "9"]
[EventCountry "ESP"]
[Source "lmi"]
[SourceDate "2009.01.15"]

1. e4 c5 2. c3 e6 3. d4 d5 4. e5 Nc6 5. Nf3 Qb6 6. a3 Nh6 7. b4 cxd4 8. cxd4
Nf5 9. Bb2 Be7 10. Bd3 a5 11. b5 Ncxd4 12. Nxd4 Nxd4 13. Nc3 Qd8 14. O-O Nf5
15. Bxf5 exf5 16. Nxd5 Be6 17. Nxe7 Qxe7 18. a4 O-O 19. Ba3 Qg5 20. Bxf8 Kxf8
21. f4 Qh4 22. Qf3 Rd8 23. Rad1 Rxd1 24. Qxd1 g6 25. g3 Qh3 26. Qd8+ Kg7 27.
Qxa5 Bd5 28. Rf2 h5 29. Qd2 Be4 30. Qe3 h4 31. Rd2 hxg3 32. Qxg3 Qh8 33. Qc3
Qh4 34. e6+ Kh7 35. Qg3 Qe7 36. exf7 Qc5+ 37. Kf1 Qc4+ 38. Ke1 Qxf7 39. Qh4+
Kg7 40. Qd8 1-0

[Event "Madrid ch 2009 - Semifinal B"]
[Site "Madrid ESP"]
[Date "2009.01.23"]
[Round "4.1"]
[White "Adan Bermudez, Sergio"]
[Black "Castejon Caballero, Andres"]
[Result "1-0"]
[WhiteElo "2295"]
[BlackElo "2089"]
[PlyCount "57"]
[EventDate "2009.01.15"]
[EventType "swiss"]
[EventRounds "9"]
[EventCountry "ESP"]
[Source "lmi"]
[SourceDate "2009.01.15"]

1. c4 Nf6 2. g3 g6 3. Bg2 d5 4. cxd5 Nxd5 5. Nc3 Nb6 6. d3 Bg7 7. Be3 O-O 8. h4
c6 9. h5 e5 10. hxg6 hxg6 11. Qd2 f6 12. Bh6 Qe7 13. Nf3 Rd8 14. Nh4 g5 15. Ng6
Qe8 16. Bxg7 Kxg7 17. Rh8 Qd7 18. Nxe5 Qe7 19. Rxd8 Qxd8 20. Nf3 Be6 21. Qe3
Bf7 22. Nd4 Na6 23. Nf5+ Kf8 24. O-O-O Nd5 25. Bxd5 cxd5 26. Rh1 Qd7 27. Rh8+
Bg8 28. Nxd5 Re8 29. Rxg8+ 1-0

[Event "Madrid ch 2009 - Semifinal B"]
[Site "Madrid ESP"]
[Date "2009.01.23"]
[Round "4.2"]
[White "Peñalosa Pinilla, Jesus"]
[Black "Lopez de Turiso, Jose Angel"]
[Result "1/2-1/2"]
[WhiteElo "2228"]
[BlackElo "2079"]
[PlyCount "99"]
[EventDate "2009.01.15"]
[EventType "swiss"]
[EventRounds "9"]
[EventCountry "ESP"]
[Source "lmi"]
[SourceDate "2009.01.15"]

1. e4 c5 2. Nc3 Nc6 3. g3 g6 4. Bg2 Bg7 5. d3 d6 6. Nf3 e5 7. O-O Nge7 8. a3
O-O 9. Rb1 f5 10. Ne2 fxe4 11. dxe4 Bg4 12. Nd2 Qd7 13. f3 Be6 14. b3 Rad8 15.
c3 d5 16. exd5 Qxd5 17. Qc2 b6 18. Ne4 Qd3 19. Qxd3 Rxd3 20. g4 Na5 21. Bg5
Nec6 22. b4 cxb4 23. axb4 Nc4 24. Rfd1 Rxd1+ 25. Rxd1 h6 26. Bh4 g5 27. Bf2 Rd8
28. Ra1 Rd3 29. N2g3 Nd2 30. Nxd2 Rxd2 31. Bf1 Ra2 32. Rxa2 Bxa2 33. Bb5 Bd5
34. Ne4 Kf7 35. Kf1 Bf8 36. Ke2 a5 37. Bxb6 axb4 38. cxb4 Bxb4 39. Kd3 Be7 40.
Ke3 Bb4 41. Ng3 Bf8 42. Nf5 Ke6 43. Ba6 Ne7 44. Ng3 Kd7 45. Bd3 Be6 46. Be4
Nd5+ 47. Bxd5 Bxd5 48. Ne4 Ke6 49. Ba5 Ba3 50. Bb6 1/2-1/2

[Event "Madrid ch 2009 - Semifinal B"]
[Site "Madrid ESP"]
[Date "2009.01.23"]
[Round "4.4"]
[White "Vazquez Torres, Adrian"]
[Black "Nieto De La Cruz, Julio"]
[Result "1-0"]
[WhiteElo "2065"]
[BlackElo "2059"]
[PlyCount "91"]
[EventDate "2009.01.15"]
[EventType "swiss"]
[EventRounds "9"]
[EventCountry "ESP"]
[Source "lmi"]
[SourceDate "2009.01.15"]

1. e4 d5 2. exd5 Qxd5 3. Nc3 Qa5 4. Bc4 Nf6 5. d4 c6 6. Bd2 Qc7 7. Nge2 Bf5 8.
Bf4 Qd8 9. O-O e6 10. Ng3 Bg6 11. f3 Nd5 12. Bxd5 cxd5 13. Nb5 Na6 14. c4 Be7
15. cxd5 Qxd5 16. Nc3 Qd7 17. d5 exd5 18. Nxd5 Bc5+ 19. Kh1 Rd8 20. Re1+ Kf8
21. Nc3 Nb4 22. Qxd7 Rxd7 23. Nce4 Be7 24. Rac1 Nc6 25. Red1 Rxd1+ 26. Rxd1
Bxe4 27. Nxe4 f5 28. Ng3 g6 29. Rd7 Kf7 30. Rxb7 Ke6 31. Ne2 Rd8 32. Nc3 g5 33.
Be3 f4 34. Bxa7 Nxa7 35. Rxa7 Rd2 36. Rb7 h5 37. h3 Bc5 38. Kh2 g4 39. hxg4
hxg4 40. Ne4 Rc2 41. Nxc5+ Kd6 42. Ne4+ Ke5 43. Rb5+ Kd4 44. Ng5 Kc4 45. Rf5
gxf3 46. Nxf3 1-0

[Event "Madrid ch 2009 - Semifinal B"]
[Site "Madrid ESP"]
[Date "2009.01.23"]
[Round "4.5"]
[White "Martin Martin, Luis Vicente"]
[Black "Montañes Arribas, Adrian"]
[Result "0-1"]
[WhiteElo "2085"]
[BlackElo "2046"]
[PlyCount "128"]
[EventDate "2009.01.15"]
[EventType "swiss"]
[EventRounds "9"]
[EventCountry "ESP"]
[Source "lmi"]
[SourceDate "2009.01.15"]

1. d4 d5 2. Bf4 Nf6 3. Nf3 c5 4. e3 Nc6 5. c3 Qb6 6. Qc1 Bf5 7. Nbd2 h6 8. Be2
e6 9. O-O Be7 10. dxc5 Bxc5 11. b4 Be7 12. a4 Rc8 13. a5 Qd8 14. a6 b6 15. Bb5
O-O 16. Qb2 Nh5 17. Ne5 Nxe5 18. Bxe5 Bf6 19. Nf3 Bxe5 20. Nxe5 Qd6 21. c4 f6
22. Nd7 Rfd8 23. c5 bxc5 24. bxc5 Qe7 25. c6 Qf7 26. Qd4 Rc7 27. Qc5 Qxd7 28.
g4 Qe8 29. gxf5 exf5 30. Ra4 f4 31. exf4 Qg6+ 32. Kh1 Qg4 33. f3 Qh3 34. Qf2
Qf5 35. Qd2 d4 36. Bd3 Qxf4 37. Qg2 Rxc6 38. Bg6 Rc5 39. Qg4 Rc1 40. Bd3 Qxg4
41. fxg4 Rxf1+ 42. Bxf1 Nf4 43. Kg1 d3 44. Rxf4 d2 45. Be2 d1=Q+ 46. Bxd1 Rxd1+
47. Kf2 Ra1 48. Rc4 Rxa6 49. Rc7 Ra2+ 50. Kf3 a5 51. h4 a4 52. Ke4 Re2+ 53. Kf5
Kh7 54. Ra7 Ra2 55. Ke6 h5 56. Kf7 hxg4 57. Ra8 g3 58. Rg8 g2 59. Rxg7+ Kh6 60.
Rg8 Kh5 61. Rh8+ Kg4 62. h5 Kh4 63. Rg8 Kxh5 64. Kxf6 Kh4 0-1

[Event "Madrid ch 2009 - Semifinal B"]
[Site "Madrid ESP"]
[Date "2009.01.23"]
[Round "4.6"]
[White "Vazquez Gonzalez, Jesus"]
[Black "Ramírez García, Jorge Alberto"]
[Result "0-1"]
[WhiteElo "2044"]
[BlackElo "2234"]
[PlyCount "48"]
[EventDate "2009.01.15"]
[EventType "swiss"]
[EventRounds "9"]
[EventCountry "ESP"]
[Source "lmi"]
[SourceDate "2009.01.15"]

1. e4 c5 2. Nf3 e6 3. d4 d5 4. exd5 exd5 5. Bb5+ Nc6 6. O-O Bd6 7. c4 Nge7 8.
cxd5 Nxd5 9. Re1+ Be6 10. Bg5 Qb6 11. Na3 O-O 12. Bxc6 Qxc6 13. Rc1 Nb4 14.
dxc5 Bxc5 15. Be7 b6 16. Bxf8 Rxf8 17. Nd4 Qd5 18. Nxe6 fxe6 19. Qxd5 Bxf2+ 20.
Kh1 exd5 21. Re7 Bc5 22. Rxa7 Nd3 23. Rb1 Nf2+ 24. Kg1 Nd1+ 0-1

[Event "Madrid ch 2009 - Semifinal B"]
[Site "Madrid ESP"]
[Date "2009.01.23"]
[Round "4.7"]
[White "Sotnikov, Taras"]
[Black "Sanchez Garcia, Aurelio"]
[Result "1/2-1/2"]
[WhiteElo "1925"]
[BlackElo "2126"]
[PlyCount "96"]
[EventDate "2009.01.15"]
[EventType "swiss"]
[EventRounds "9"]
[EventCountry "ESP"]
[Source "lmi"]
[SourceDate "2009.01.15"]

1. e4 e5 2. Nf3 d6 3. Bc4 Be7 4. c3 Nf6 5. d3 O-O 6. O-O Nbd7 7. Re1 c6 8. Bb3
a6 9. Bg5 b5 10. Nbd2 Bb7 11. Nf1 Nc5 12. Bc2 Ne6 13. Bh4 g6 14. Ng5 Nf4 15. g3
N4h5 16. Nf3 h6 17. Ne3 Bc8 18. d4 Qc7 19. Bxf6 Nxf6 20. dxe5 dxe5 21. Kg2 Rd8
22. Qe2 Bb7 23. Rad1 c5 24. Nd2 c4 25. f3 Rd7 26. Ndf1 Rad8 27. Rxd7 Rxd7 28.
Rd1 Kg7 29. Rxd7 Qxd7 30. Qd2 Qe6 31. Nd1 Nd7 32. Nfe3 Bg5 33. h4 Be7 34. Nf2
Nf6 35. Nfg4 h5 36. Nxf6 Bxf6 37. Nd5 Bc8 38. Kg1 Bd8 39. Qg2 Bb7 40. Qd2 Qh3
41. Qg2 Qd7 42. Qd2 Be7 43. Kh2 Bc8 44. Qg2 Bc5 45. Qf1 Be3 46. Nxe3 Qd2+ 47.
Qg2 Qxe3 48. Bd1 f5 1/2-1/2

[Event "Madrid ch 2009 - Semifinal B"]
[Site "Madrid ESP"]
[Date "2009.01.23"]
[Round "4.8"]
[White "Garcia Salamero, Gabriel"]
[Black "Cabañas Bravo, Juan Andres"]
[Result "1/2-1/2"]
[WhiteElo "2027"]
[BlackElo "2073"]
[PlyCount "153"]
[EventDate "2009.01.15"]
[EventType "swiss"]
[EventRounds "9"]
[EventCountry "ESP"]
[Source "lmi"]
[SourceDate "2009.01.15"]

1. e4 e5 2. Nf3 Nc6 3. Nc3 Bc5 4. Nxe5 Nxe5 5. d4 Bd6 6. dxe5 Bxe5 7. Bd3 d6 8.
O-O h5 9. Ne2 Nh6 10. Bxh6 Rxh6 11. f4 Bxb2 12. Rb1 Ba3 13. Ng3 Bc5+ 14. Kh1
Bb6 15. Nf5 Bxf5 16. exf5 Qd7 17. Re1+ Kf8 18. Qf3 c6 19. a4 Re8 20. Rxe8+ Kxe8
21. a5 Bc5 22. a6 b6 23. c4 Kd8 24. Qg3 Bd4 25. Be4 h4 26. Qd3 Bc5 27. Qc3 f6
28. Rd1 Rh8 29. Qf3 Kc7 30. Qg4 Re8 31. Bf3 Re7 32. Qxh4 Qc8 33. Re1 Rd7 34.
Ra1 Bd4 35. Rd1 Bc3 36. Qg3 Ba5 37. Bh5 Qxa6 38. Qd3 Qc8 39. Qe4 Kb7 40. Be8
Rd8 41. Qe7+ Qc7 42. Qe6 Bb4 43. h3 a5 44. Rb1 Qc8 45. Qe7+ Ka6 46. Bxc6 Qxc6
47. Qxd8 Qxc4 48. Qa8+ Kb5 49. Qe8+ Kc5 50. Qe3+ Kb5 51. Rc1 Qd5 52. Qe2+ Ka4
53. Ra1+ Ba3 54. Rb1 Bb4 55. Qe8+ Ka3 56. Qe6 Qa2 57. Qe3+ Ka4 58. Qd3 d5 59.
Rc1 Qb2 60. Qd1+ Qb3 61. Ra1+ Ba3 62. Qd4+ Kb5 63. Qg1 Bc5 64. Qf1+ Qc4 65.
Rb1+ Kc6 66. Qe1 Qe4 67. Qf1 Qxf5 68. Qb5+ Kd6 69. Re1 Qd7 70. Qd3 Bb4 71. Rd1
Qe6 72. Qg3 Qe2 73. f5+ Qe5 74. Qxg7 Qxf5 75. Qf8+ Kc6 76. Qa8+ Kd6 77. Qd8+
1/2-1/2